| 000 | 00654cam a22002293a 4500 | ||
|---|---|---|---|
| 001 | 13869 | ||
| 003 | PGUSA | ||
| 005 | 20140828083310.0 | ||
| 008 | 041026s2004||||xxu|||||s|||||000 | eng d | ||
| 040 |
_aPGUSA _beng |
||
| 042 | _adc | ||
| 050 | 4 | _aDR | |
| 100 | 1 | _aHebbelynck, Th. | |
| 245 | 1 | 0 |
_aIn Roemeniƫ : _bDe Aarde en haar Volken, 1906 _h[electronic resource] / _cTh. Hebbelynck |
| 260 |
_bProject Gutenberg, _c2004 |
||
| 506 | _aPublic domain in the USA. | ||
| 516 | _aElectronic text | ||
| 653 | _aRomania -- Description and travel | ||
| 830 | 0 |
_aProject Gutenberg _v13869 |
|
| 856 | 4 | 0 | _uhttp://www.gutenberg.org/ebooks/13869 |
| 942 | _cEB | ||
| 999 |
_c243124 _d243124 |
||